000 00758nam a22002177a 4500
005 20260410103157.0
010 _aENG-147982
020 _a9789364442374
_c595.00
035 _aEN-131514
037 _bDBAD
082 _a954.21
_21
100 _aTripathi Snehil
245 _aAn introduction to MADHYA PRADESH (General Knowledge}
_cSnehil Tripathi
_bFor MPPSC State Service and Other State Competitive Examinations
250 _a1
260 _aIndia
_bMcGraw Hill Education Private Limited
_c2026
270 _aAnjana complex no: 5/90A, Butt Road, St. Thomas Mount,
_bchennai
_c600016
300 _avpp.
_c24cm(pb)
490 _v1,4,5,6,7,8
700 _aSonali Bansal , Pavan Chaudhary
_988786
942 _2ddc
_cEN
_h954.21
_mTri
_e1
999 _c215775
_d215775